00371 a2200121 4500001001000000005001700010008004100027245007500068100001700143700002100160773005100181999001700232ART_4669120260410162040.0260409a 10aAcarreo de divisas y costo de las reservas internacionales en México1 aRozo, Carlos1 aMaldonado, Norma0 tRevista Cepalg- Nº 123 (dic. 2017)wREV45125 c34768d34768